<?xml version="1.0" encoding="UTF-8"?>
<record
    xmlns:xsi="http://www.w3.org/2001/XMLSchema-instance"
    xsi:schemaLocation="http://www.loc.gov/MARC21/slim http://www.loc.gov/standards/marcxml/schema/MARC21slim.xsd"
    xmlns="http://www.loc.gov/MARC21/slim">

  <leader>00250nam a2200097Ia 4500</leader>
  <controlfield tag="001">709297</controlfield>
  <controlfield tag="005">20250826162544.0</controlfield>
  <controlfield tag="008">250824s9999    xx            000 0 und d</controlfield>
  <datafield tag="245" ind1=" " ind2="0">
    <subfield code="a">DEN&#x130;Z&#x130;N D&#x130;B&#x130;NDEK&#x130; KRALLIK</subfield>
    <subfield code="c">JOAN A&#x130;KEN</subfield>
  </datafield>
  <datafield tag="260" ind1=" " ind2=" ">
    <subfield code="b">TUDEM YAYINLARI</subfield>
  </datafield>
  <datafield tag="999" ind1=" " ind2=" ">
    <subfield code="c">709297</subfield>
    <subfield code="d">709297</subfield>
  </datafield>
  <datafield tag="952" ind1=" " ind2=" ">
    <subfield code="0">0</subfield>
    <subfield code="1">0</subfield>
    <subfield code="4">0</subfield>
    <subfield code="7">0</subfield>
    <subfield code="a">1027</subfield>
    <subfield code="b">1027</subfield>
    <subfield code="d">2025-08-24</subfield>
    <subfield code="l">1</subfield>
    <subfield code="p">10272349</subfield>
    <subfield code="r">2025-12-19 12:09:29</subfield>
    <subfield code="s">2025-12-12</subfield>
    <subfield code="w">2025-08-26</subfield>
    <subfield code="y">BK</subfield>
  </datafield>
</record>
